1243 1918 1796 1246 1139 1787 1269 1535 1067 1868 1729 1622 1809 1996 1694 1784 1257 1342 1091 1463 1057 1162 1596 1715 1146 1794 1369 1487 1711 1207 1274 1342 1692 1585 1273 1014 1298 1657 1873 1557 1955 1895 1766 1501 1863 1882 1699 1669 1909 1173 1302 1512 1363 1495 1540 1254 1402 1820 1529 1645 1029 1528 1751 1118 1451 1840 1480 1354 1520 1079 1901 1556 1482 1472 1696 1403 1644 1453 1128 1052 1864 1333 1244 1187 1536 1825 1601 1740 1755 1094 1328 1176 1428 1366 1201 1136 1311 1409 1157 BCNSPRNW ULIB Ver.6.0+V

เปลี่ยนเป็นภาษาไทย

Change to English
 แสดงรายละเอียดบรรณานุกรม
  กลับหน้าหลัก

Brief Record : Get Marc (ISO 2709) : E-mail record : QR code < ปิดหน้าต่าง
LEADER : 00000nam 2200000uu 4500
001    13399125217
003     ULIB
008    161117s||||th 000 0 tha d
020    ^a9748465381
060 04 ^aWA 540^bน472ก
100 0  ^aนันทโชค ชูทอง
245 10 ^aการสร้างพลังงานชุมชนโดยใช้แผนที่ทางเดินยุทธศาสตร์ (Strategic Route Map ) ในการสร้างเสริมสุขภาพและป้องกันโรคในชุมชน /^cนันทโชค ชูทอง
260    ^aกรุงเทพ^bสำนักงานหลักประกันสุขภาพแห่งชีวิต
300    ^a51หน้า
945    ^p0^l0^i001516
945    ^p0^l0^i001517
945    ^p0^l0^i001518
945    ^p0^l0^i001519
945    ^p0^l0^i001520
999    ^aวรรณษา ชูชัยมงคล
รายการนี้ยังไม่มีแท็ก
คุณยังไม่ได้ล็อกอิน คุณสามารถมีกิจกรรมร่วมกับเว็บไซต์ได้ แต่ต้องล็อกอินก่อน ::
  ล็อกอิน

รายการสื่อสารสนเทศ

ลำดับที่ ประเภท เลขเรียก/บาร์โค้ด สถานที่ สถานะ
1. การศึกษาทั่วไป
การศึกษาทั่วไป
WA 540 น472ก ฉ.1 
  Barcode: 001516
ห้องสมุดวิทยาเขตสวรรค์ประชารักษ์
►หนังสือทั่วไป
บนชั้น
2. การศึกษาทั่วไป
การศึกษาทั่วไป
WA 540 น472ก ฉ.2 
  Barcode: 001517
ห้องสมุดวิทยาเขตสวรรค์ประชารักษ์
►หนังสือทั่วไป
บนชั้น
3. การศึกษาทั่วไป
การศึกษาทั่วไป
WA 540 น472ก ฉ.3 
  Barcode: 001518
ห้องสมุดวิทยาเขตสวรรค์ประชารักษ์
►หนังสือทั่วไป
บนชั้น
4. การศึกษาทั่วไป
การศึกษาทั่วไป
WA 540 น472ก ฉ.4 
  Barcode: 001519
ห้องสมุดวิทยาเขตสวรรค์ประชารักษ์
►หนังสือทั่วไป
บนชั้น
5. การศึกษาทั่วไป
การศึกษาทั่วไป
WA 540 น472ก ฉ.5 
  Barcode: 001520
ห้องสมุดวิทยาเขตสวรรค์ประชารักษ์
►หนังสือทั่วไป
บนชั้น

BibComment


ยังไม่เคยถูกคอมเมนท์

คอมเมนท์ทรัพยากรรายการนี้
  คอมเมนท์: การสร้างพลังงานช..


 Copyright 2026. Bcnsprnw @Library